000 00604nam a22001697a 4500
003 GBCCL
005 20251127133052.0
008 180703b ||||| |||| 00| 0 eng d
040 _cGBC
082 _a220.52042
_bBIB
245 _aThe Old and the New Testament of the Holy Bible :
_btranslated from the original tongues being the version set forth A.D. 1611. compared with the most ancient authorities and revised A.D. 1952
250 _aRevised Standard Version
260 _aToronto:
_bThomas Nelson & Sons,
_c1952
300 _a839 + 238p.
_c16cm
650 _aBible
_vEnglish
_912281
942 _2ddc
_cREF
999 _c6913
_d6913